000 01639cam a22004454i 4500
003 PE-LiUPU
005 20250731173314.0
008 150616s r 000 0 d
035 _a(Sirsi) a3738
040 _aPE-LiUPU
_bspa
_cPE-LiUPU
_erda
049 _aPRUA
082 0 4 _a291
_bS31
_221
100 1 _aSchmidt, P Guillermo,
_eautor.
245 1 0 _aManual de historia comparada de las religiones: origen y formación de la religión teorías y hechos.
264 1 _aMadrid :
_bEspasa-Calpe,
_c1932.
300 _a308 páginas ;
_c23 cm.
336 _atext
_2rdacontent
337 _aunmediated
_2rdamedia
338 _avolume
_2rdacarrier
505 0 _aIntroducción, historia, preparación -- El siglo XIX -- El siglo XX -- El supremo Dios del cielo en los siglos XIX y XX -- Fundamentos metódicos y contenido de la creencia en el alto Dios de los pueblos primitivos.
526 _aSEG42
526 _aSEG41
526 _aSEG40
526 _aSEG39
526 _aP94
526 _aP87
526 _aP86
526 _aP85
526 _aP77
526 _aP76
526 _aP35
650 0 4 _aRELIGIONES - HISTORIA - ORIGEN.
910 _ajck
_bjvq
_cjck
942 _2ddc
_cBOOK
949 _a291 S31
_wDEWEY
_c1
_i16453
_lCCODEBUL1
_mBUL
_p00.00
_r0
_sY
_tBOOK
_u19781207
_xTEOLOGIA
_zUNKNOWN
_0COMPRA
_o.STAFF. Colección General
994 _aC0
_bPEPRU
596 _a1
999 _a291 S31
_wDEWEY
_c45555
_i16453
_d45555
_f2021-11-11
_g5
_lCCODEBUL1
_mBUL
_q1
_r0
_sY
_tBOOK
_u2015-6-16
_xTEOLOGIA
_zUNKNOWN
_0COMPRA
_o.STAFF. Colección General
980 _81
_gALBERTO SANCHEZ Responsable de Automatización